Crowdstorm : The future of innovation, ideas, and problem solving
Crownd Storm is to help our readers make Crowdstorming work; to help more organizations engage with people far beyond their organizational borders, to find better ideas, solutions, talent and partners so we can address some of our most challenging problems.
Bewaard in:
| Hoofdauteur: | |
|---|---|
| Formaat: | Boek |
| Taal: | Undetermined |
| Gepubliceerd in: |
Hoboken, New Jersey
John Wiley & Sons, Inc.
2013
|
| Onderwerpen: | |
| Tags: |
Voeg label toe
Geen labels, Wees de eerste die dit record labelt!
|
| Thư viện lưu trữ: | Trung tâm Học liệu Trường Đại học Cần Thơ |
|---|
| LEADER | 01123nam a2200229Ia 4500 | ||
|---|---|---|---|
| 001 | CTU_217459 | ||
| 008 | 210402s9999 xx 000 0 und d | ||
| 020 | |c 33.95 | ||
| 082 | |a 658.4 | ||
| 082 | |b A159 | ||
| 100 | |a Abrahamson, Shaun | ||
| 245 | 0 | |a Crowdstorm : | |
| 245 | 4 | |b The future of innovation, ideas, and problem solving | |
| 245 | 0 | |c Shaun Abrahamson, Peter Ryder, Bastian Unterberg | |
| 260 | |a Hoboken, New Jersey | ||
| 260 | |b John Wiley & Sons, Inc. | ||
| 260 | |c 2013 | ||
| 520 | |a Crownd Storm is to help our readers make Crowdstorming work; to help more organizations engage with people far beyond their organizational borders, to find better ideas, solutions, talent and partners so we can address some of our most challenging problems. | ||
| 650 | |a Creative ability in business,New products,Doanh nghiệp kinh doanh,Sáng tạo kinh doanh,Sản phẩm mới,Business enterprises | ||
| 650 | |x Decision making,Đổi mới công nghệ,Quyết định,Technological innovations | ||
| 904 | |i Hiền, Sang, Tuyến | ||
| 980 | |a Trung tâm Học liệu Trường Đại học Cần Thơ | ||